00576nam a22001937a 450000500170000001000150001702000260003203500130005803700130007108200130008424501030009726000390020027000450023930000240028450000190030870000170032770000210034470000170036520140224122034.0 aENG-108762 c650.00a9788184247541 aEN-92295 bDBAD/PUB a658.3008 aToday's HR for a sustainable tomorrow /cedited by R. K. Mishra, Shulagna Sarkar [and] Punam Singh aNew DelhibAllied Publishersc2012 a1/13-14 Asif Ali RoadbNew Delhie110002 aix,287p. c24cm(Hb) aIncludes Index aMishra, R.K. aSarkar, Shulagna aSingh, Punam